000 00728nam a2200241 a 4500
001 BRCA_690
005 20190320203116.0
008 860106s1986 nyua---##b---#001-0#eng-#
020 _a0500234388
040 _aDLC
_cDLC
_dDLC
050 4 _aN6494.A7
_b.K54 1987
100 1 _aKlein, Dan
_92276
245 1 0 _aIn the Deco Style
_cDan Klein, Nancy A. McClelland, Malcolm Haslam.
260 _aLondres
_bThames and Hudson
_c1987
300 _a288 p.
_bil. (algunas a color)
_c26 cm.
500 _aIncluye índice alfabético
504 _aBibliografía: p. 284
650 1 4 _aArt decó
_91862
650 1 4 _aArte moderno
_ySiglo XX
_91863
700 1 _aMcClelland, Nancy A
_92277
700 1 _aHaslam, Malcolm
_92278
942 _2lcc
_cB
999 _c596
_d596